00395nam a22001337a 4500082001800000100002000018245002100038260003800059300000800097650001300105942000700118952011900125999001700244 a294.59218 LOK aLokeswarananda  aMundaka Upanisad aKolkatabRamakrisna Missionc1994 a139 aUpanisad cBK 00104070aHMIbHMId2016-04-06eRaqmakrshna Muth Hydg50.00l0o294.59218 LOKp24901r2016-04-06w2016-04-06yBK c20004d20004